000 00320 a2200121 4500
001 146353
040 _cEscola São Tomás de Aquino
100 _aBRAGA, Edson Rocha
240 1 0 _aAladim e a lâmpada maravilhosa
_lpor
245 1 0 _aAladim e a lâmpada maravilhosa
697 _a*LITERATURA INFANTO JUVENIL
942 _cBK
999 _c146353
_d146353